000 00800nam a2200217Ia 4500
005 20241129105906.0
008 241129s9999||||xx |||||||||||||| ||und||
020 _a978-93-90885-48-0
037 _aTB
040 _aARTS
_bhin
_cARTS
041 _ahin
_2hin
084 _aNW44wN33 152R2
_qARTS
100 _aव्यास, रेणु, ले.
245 0 _aजो कही गई न मुझसे: मीना कुमारी की अनकही दास्तान
_cव्यास, रेणु, ले.
260 _aनई दिल्ली, भारत
_bकौटिल्य बुक्स
_c2022
300 _a191पृ0
365 _aINR
_b350
650 _aArtsMotion Pictures
_9726590
942 _cTB
_hNW44wN33 152R2
999 _c1226462
_d1226462